000 00457nam a22001577a 4500
020 _a9781292068909
040 _cNUST
082 _a629.83 FRA
100 _aFranklin, Gene F
_991744
110 _a Emami-Naeini, Abbas Powell, J. David
_991745
245 _aFeedback Control of Dynamic Systems
250 _a7TH EDITION
260 _aNEW YORK:
_bPEARSON EDUCATION,
_c2015.
650 _aDEE.TEXTBOOK FEEDBACK CONTROL SYSTEM
_991746
942 _2ddc
_cTEXT
999 _c589895
_d589895